Language Quiz

Random Language Quiz
Score 0/20 Timer 10:00
0 Plays Today
Hint Answer % Correct
tênなまえ
100%
cách đọcよみかた
100%
cáchかた
100%
thêmもう
100%
bản đồちず
90%
muốiしお
90%
chậmゆっくり
90%
ngay lập tứcすぐ
90%
lại đếnまた
90%
sauあとで
90%
Hint Answer % Correct
địa chỉじゅうしょ
80%
đườngさとう
80%
ôあれ
80%
thêm một chút nữa thôiもうすこし
70%
được chứいいですよ
70%
tiền lẻおつり
70%
thẳngまっすぐ
60%
thôiさあ
50%
anh chị rẽ phải ở chỗ đèn tín hiệuしんごうをみぎへまがってください
50%
gửi anh tiền nàyこれでおねがいします
50%
Remove Ads.
Support Sporcle.
Get the best of Sporcle when you Go Orange. This ad-free experience offers more features, more stats, and more fun while also helping to support Sporcle. Thank you for becoming a member.

You're not logged in!

Compare scores with friends on all Sporcle quizzes.
OR
Log In

Show Comments

Extras

Created Sep 24, 2019ReportNominate

Top Quizzes Today


Score Distribution

Your Account Isn't Verified!

In order to create a playlist on Sporcle, you need to verify the email address you used during registration. Go to your Sporcle Settings to finish the process.

Report this User

Report this user for behavior that violates our Community Guidelines.

Details: